Most Valuable Football Clubs - Statistics

General Stats
  • This quiz has been taken 56 times
  • The average score is 15 of 20
Answer Stats
Country Club % Correct
England Manchester City
98%
Spain Real Madrid
98%
England Manchester United
96%
England Arsenal
94%
Germany Bayern Munich
94%
England Chelsea
94%
Spain FC Barcelona
94%
France Paris Saint-Germain
94%
Italy AC Milan
92%
England Liverpool
92%
Italy Inter Milan
86%
Italy Juventus
86%
England Tottenham Hotspur
86%
Germany Borussia Dortmund
84%
Spain Atlético Madrid
78%
England West Ham United
58%
United States LA Galaxy
54%
United States LAFC
32%
United States Atlanta United
16%
England Crystal Palace
14%
No matching quizzes found
Score Distribution
Percent of People with Each Score
Percentile by Number Answered
Your Score History
You have not taken this quiz